00412cam a2200169ua 45000010005000000080039000050200015000440400009000590410008000680820008000761000028000842450062001122500009001742600026001833000013002096530020002228596150206n ii |||gr||||Z||||||eng a019442118X cMAIN aeng a425 aHornby, A. S.,eAuthor.1 aGuide to patterns and usage in englishcBy A. S. Hornby  a2nd. aLondon:bELBS,c1983. axv,238p. aEnglish grammar